[Event "BPB Limburg open A"]
[Site "Maastricht"]
[Date "2014.06.08"]
[Round "5"]
[White "Voss, Gunther"]
[Black "Winkels, Marcel"]
[Result "1/2-1/2"]
[WhiteElo "2180"]
[BlackElo "1996"]
[PlyCount "97"]
[EventDate "2014.06.06"]
[EventType "swiss"]
[EventRounds "7"]
[EventCountry "NED"]
[Source "P.Boonen"]
[SourceDate "2014.10.10"]

1. e4 c5 2. Nf3 Nc6 3. d4 cxd4 4. Nxd4 e5 5. Nb5 d6 6. c4 Be7 7. N1c3 a6 8. Na3
f5 9. exf5 Bxf5 10. Bd3 Be6 11. Nc2 Nf6 12. Bg5 O-O 13. O-O Rc8 14. Ne3 Qd7 15.
Rc1 Kh8 16. Bxf6 gxf6 17. Ncd5 Bd8 18. f4 Nd4 19. Qh5 Qf7 20. Qxf7 Rxf7 21.
fxe5 dxe5 22. Rf2 f5 23. g3 Bg5 24. Rcf1 Rcf8 25. h4 Bh6 26. Kh2 e4 27. Be2 b5
28. Bh5 Rd7 29. b3 Rdd8 30. Rd1 Bg7 31. Rfd2 Nc6 32. Nf4 Rxd2+ 33. Rxd2 Bc8 34.
Rd6 Nd4 35. Rd5 bxc4 36. Nxc4 Ne6 37. Nd6 Nxf4 38. gxf4 Be6 39. Ra5 Bh6 40.
Rxa6 Bxf4+ 41. Kg1 Be3+ 42. Kf1 Bd4 43. Nb5 Bc8 44. Rc6 Bf6 45. Nd6 Bd7 46. Rc7
Be6 47. Bf7 Be5 48. Bxe6 Bxd6 49. Rc8 1/2-1/2

[Event "BPB Limburg open A"]
[Site "Maastricht"]
[Date "2014.06.08"]
[Round "5"]
[White "Warmerdam, Max"]
[Black "Janssen, Ruud"]
[Result "1/2-1/2"]
[WhiteElo "2177"]
[BlackElo "2467"]
[PlyCount "117"]
[EventDate "2014.06.06"]
[EventType "swiss"]
[EventRounds "7"]
[EventCountry "NED"]
[Source "P.Boonen"]
[SourceDate "2014.10.10"]

1. e4 e5 2. Nf3 Nc6 3. Bb5 a6 4. Ba4 d6 5. c3 Bd7 6. O-O Nge7 7. d4 Ng6 8. d5
Nb8 9. Bxd7+ Nxd7 10. c4 Be7 11. Nc3 h6 12. b4 a5 13. Qb3 b6 14. a4 O-O 15.
bxa5 Nc5 16. Qc2 Rxa5 17. Bd2 Qd7 18. Ra3 Rfa8 19. Rfa1 R5a6 20. R1a2 Bf6 21.
Be3 Nb7 22. Ne1 Bg5 23. Bxg5 hxg5 24. Nd3 Rf8 25. Nb4 Raa8 26. Ne2 f6 27. Nc6
Na5 28. Nxa5 Rxa5 29. Nc1 Rfa8 30. Qd1 Kf7 31. Nb3 R5a6 32. g3 g4 33. Nd2 Nf8
34. Nf1 Nh7 35. h4 gxh3 36. f4 Re8 37. Ne3 exf4 38. gxf4 Rxe4 39. Qh5+ Kg8 40.
Nf5 Rxf4 41. Rxh3 Kf8 42. Rf2 Qxf5 43. Qxf5 Rxf5 44. Rxf5 Kg8 45. Rfh5 Nf8 46.
Rh8+ Kf7 47. Ra3 Ra5 48. Kf2 Rc5 49. Rc3 Ng6 50. Rd8 Ne5 51. Ke3 Ke7 52. Rg8
Kf7 53. Rd8 f5 54. Kf4 g6 55. Kg5 Ke7 56. Rg8 Kf7 57. Rd8 Kg7 58. Re8 Kf7 59.
Rd8 1/2-1/2

[Event "BPB Limburg open A"]
[Site "Maastricht"]
[Date "2014.06.08"]
[Round "5"]
[White "Weiler, Wolfgang"]
[Black "Ducarmon, Renzo"]
[Result "0-1"]
[WhiteElo "2132"]
[BlackElo "2072"]
[PlyCount "116"]
[EventDate "2014.06.06"]
[EventType "swiss"]
[EventRounds "7"]
[EventCountry "NED"]
[Source "P.Boonen"]
[SourceDate "2014.10.10"]

1. e4 c5 2. Nc3 Nc6 3. f4 g6 4. Nf3 Bg7 5. Bb5 Nd4 6. O-O Nxb5 7. Nxb5 d5 8.
exd5 a6 9. Nc3 Nf6 10. d4 c4 11. Qe2 Nxd5 12. Nxd5 Qxd5 13. Re1 O-O 14. Qf2 e6
15. a4 b5 16. Bd2 Bb7 17. Bb4 Rfd8 18. Bc5 Qf5 19. Ne5 Bh6 20. Rf1 f6 21. Qh4
fxe5 22. Qxh6 exd4 23. Be7 Re8 24. Bg5 Qxc2 25. Rf2 Qf5 26. h3 Rf8 27. Be7 Rf7
28. Bd6 Rd8 29. Be5 b4 30. g4 Qe4 31. Kh2 c3 32. bxc3 bxc3 33. Qh4 Rd5 34. Qg3
c2 35. Rd2 d3 36. Re1 Qb4 37. Qe3 Qb1 38. Qg1 Qb4 39. Qe3 g5 40. Rxd3 gxf4 41.
Qe2 Qxe1 42. Qxe1 Rxd3 43. Bxf4 Rxf4 44. Qxe6+ Rf7 45. Qe8+ Kg7 46. Qe5+ Kf8
47. Qb8+ Ke7 48. Qxb7+ Kd6 49. Qxa6+ Ke5 50. Qb5+ Ke4 51. Qe8+ Kd4 52. Qh8+ Ke3
53. Qe8+ Kd2 54. Qxf7 c1=Q 55. Qf2+ Kd1 56. Qg1+ Kc2 57. Qc5+ Rc3 58. Qf5+ Kb2
0-1

[Event "BPB Limburg open A"]
[Site "Maastricht"]
[Date "2014.06.08"]
[Round "5"]
[White "Wille, Thomas"]
[Black "Rey, Fabrice"]
[Result "0-1"]
[WhiteElo "2105"]
[BlackElo "2147"]
[PlyCount "82"]
[EventDate "2014.06.06"]
[EventType "swiss"]
[EventRounds "7"]
[EventCountry "NED"]
[Source "P.Boonen"]
[SourceDate "2014.10.10"]

1. c4 e6 2. Nf3 Nf6 3. b3 d5 4. g3 b6 5. Bg2 Bb7 6. O-O Bd6 7. Bb2 Nbd7 8. Nc3
O-O 9. Qc2 c6 10. d3 e5 11. cxd5 cxd5 12. Nb5 Rc8 13. Qd2 Bb8 14. Rac1 a6 15.
Rxc8 Bxc8 16. Na3 Qe7 17. Rc1 Bd6 18. Nb1 Bb7 19. Qd1 Re8 20. d4 e4 21. Ne1 h5
22. Nc2 Ng4 23. e3 Qf6 24. Qe1 h4 25. Ba3 Bb8 26. h3 Nh6 27. g4 Qg5 28. Nd2 Qd8
29. f4 exf3 30. Bxf3 f5 31. Qe2 fxg4 32. hxg4 Qg5 33. Kh1 Nf6 34. Rg1 Bc8 35.
Nf1 Bxg4 36. Nh2 Bxf3+ 37. Nxf3 Qf5 38. Qg2 Nhg4 39. Rf1 h3 40. Qe2 Ne4 41. Kg1
Ng3 0-1

[Event "BPB Limburg open A"]
[Site "Maastricht"]
[Date "2014.06.08"]
[Round "5"]
[White "Wislez, Francis"]
[Black "Groffen, Hans"]
[Result "1/2-1/2"]
[WhiteElo "2002"]
[BlackElo "2190"]
[PlyCount "87"]
[EventDate "2014.06.06"]
[EventType "swiss"]
[EventRounds "7"]
[EventCountry "NED"]
[Source "P.Boonen"]
[SourceDate "2014.10.10"]

1. d4 f5 2. Nf3 Nf6 3. g3 g6 4. Bg2 Bg7 5. O-O O-O 6. c4 d6 7. Nc3 e6 8. Bf4
Qe7 9. Qc1 Nh5 10. Bg5 Qf7 11. Bh6 c6 12. Bxg7 Kxg7 13. b4 Nd7 14. a4 e5 15. d5
h6 16. dxc6 bxc6 17. b5 e4 18. Nd2 c5 19. a5 Ne5 20. Nd1 Be6 21. Ra4 Rab8 22.
Qc3 Nf6 23. f3 exf3 24. exf3 Ned7 25. Ne3 Kh7 26. f4 d5 27. cxd5 Nxd5 28. Nxd5
Bxd5 29. Rb1 Bxg2 30. Kxg2 Qd5+ 31. Nf3 Rfe8 32. Rb2 Re4 33. Rd2 Qe6 34. Rxe4
fxe4 35. Ne5 Nxe5 36. Qxe5 Qxe5 37. fxe5 Rxb5 38. Rd7+ Kg8 39. Rxa7 c4 40. Rc7
Rxa5 41. e6 Re5 42. Rxc4 Kg7 43. Kf2 Kf6 44. Ke3 1/2-1/2

[Event "BPB Limburg open A"]
[Site "Maastricht"]
[Date "2014.06.08"]
[Round "5"]
[White "Xiong, Ferdinand"]
[Black "Snuverink, Laurens"]
[Result "1/2-1/2"]
[WhiteElo "2110"]
[BlackElo "2009"]
[PlyCount "49"]
[EventDate "2014.06.06"]
[EventType "swiss"]
[EventRounds "7"]
[EventCountry "NED"]
[Source "P.Boonen"]
[SourceDate "2014.10.10"]

1. Nf3 Nf6 2. g3 g6 3. Bg2 Bg7 4. O-O O-O 5. c4 d6 6. d4 c6 7. Nc3 Nbd7 8. Qc2
Qe8 9. Rd1 e5 10. dxe5 dxe5 11. Ng5 Qe7 12. Nge4 Ne8 13. Qd2 f5 14. Nd6 Nxd6
15. Qxd6 Qf7 16. Nd5 Nb6 17. Ne7+ Kh8 18. b3 Be6 19. Nxc6 bxc6 20. Bxc6 e4 21.
Rb1 Rac8 22. c5 Na8 23. Bf4 Nc7 24. Bb7 Nb5 25. Qa6 1/2-1/2

[Event "BPB Limburg open A"]
[Site "Maastricht"]
[Date "2014.06.08"]
[Round "5"]
[White "Ypma, Peter"]
[Black "Clemens, Adrian HP"]
[Result "1-0"]
[WhiteElo "2183"]
[BlackElo "2188"]
[PlyCount "79"]
[EventDate "2014.06.06"]
[EventType "swiss"]
[EventRounds "7"]
[EventCountry "NED"]
[Source "P.Boonen"]
[SourceDate "2014.10.10"]

1. e4 c5 2. c3 e6 3. d4 d5 4. e5 Nc6 5. Nf3 Bd7 6. a3 c4 7. g3 Na5 8. Nbd2 Ne7
9. h4 Nc8 10. Bh3 Nb6 11. Nf1 Nb3 12. Rb1 Nxc1 13. Qxc1 h6 14. Ne3 Qc7 15. Nd2
O-O-O 16. f4 Kb8 17. Nf3 Be7 18. Kd2 f5 19. h5 Rdf8 20. Bf1 Rhg8 21. Be2 g5 22.
hxg6 Rxg6 23. Rh3 Rfg8 24. Nf1 Bf8 25. Ke3 Ba4 26. Kf2 Nc8 27. Bd1 Bxd1 28.
Qxd1 Qa5 29. Ne3 Nb6 30. Qc2 Qa4 31. Qxa4 Nxa4 32. Nh4 R6g7 33. Nhxf5 exf5 34.
Nxd5 Nb6 35. Ne3 Rf7 36. Rh5 Rg6 37. Re1 Kc7 38. Nxf5 Nd5 39. e6 Rh7 40. Nh4
1-0

[Event "BPB Limburg open A"]
[Site "Maastricht"]
[Date "2014.06.09"]
[Round "6"]
[White "Arnelind, Mikael"]
[Black "Rey, Fabrice"]
[Result "1/2-1/2"]
[WhiteElo "2160"]
[BlackElo "2147"]
[PlyCount "80"]
[EventDate "2014.06.06"]
[EventType "swiss"]
[EventRounds "7"]
[EventCountry "NED"]
[Source "P.Boonen"]
[SourceDate "2014.10.10"]

1. d4 Nf6 2. c4 e6 3. Nc3 Bb4 4. e3 O-O 5. Bd3 d5 6. Nf3 c5 7. O-O dxc4 8. Bxc4
cxd4 9. exd4 b6 10. Bg5 Bb7 11. Rc1 Nbd7 12. Re1 Rc8 13. Qb3 Bxc3 14. Rxc3 h6
15. Bh4 Qe8 16. Bb5 Rxc3 17. bxc3 Bxf3 18. gxf3 a6 19. Bxa6 Qa8 20. Bf1 Qxf3
21. Bg2 Qf4 22. Bg3 Qd2 23. Rd1 Qe2 24. c4 Rc8 25. Bb7 Qxc4 26. Bxc8 Qxc8 27.
Qd3 Nd5 28. a3 Nf8 29. Qf3 Ng6 30. Kh1 Qc2 31. h3 Qb2 32. Rd3 Nge7 33. Qd1 Nf5
34. Qd2 Qa1+ 35. Kh2 Nf6 36. Be5 Nd5 37. Qd1 Qa2 38. Qd2 Qa1 39. Qd1 Qa2 40.
Qd2 Qa1 1/2-1/2

[Event "BPB Limburg open A"]
[Site "Maastricht"]
[Date "2014.06.09"]
[Round "6"]
[White "Berg, Emanuel"]
[Black "Beeke, Bob"]
[Result "1-0"]
[WhiteElo "2547"]
[BlackElo "2255"]
[PlyCount "115"]
[EventDate "2014.06.06"]
[EventType "swiss"]
[EventRounds "7"]
[EventCountry "NED"]
[Source "P.Boonen"]
[SourceDate "2014.10.10"]

1. e4 e5 2. Nf3 Nc6 3. Bb5 Nf6 4. O-O Nxe4 5. d4 Nd6 6. Bxc6 dxc6 7. dxe5 Nf5
8. Qxd8+ Kxd8 9. Rd1+ Ke8 10. Nc3 Ne7 11. Nd4 Ng6 12. h3 Bd7 13. f4 Bc5 14. Ne4
Bxd4+ 15. Rxd4 b6 16. Be3 Bf5 17. Ng3 Ne7 18. Rd2 Rd8 19. Rxd8+ Kxd8 20. Rd1+
Ke8 21. Nxf5 Nxf5 22. Bf2 h5 23. g4 hxg4 24. hxg4 Ne7 25. c4 c5 26. Kg2 Nc6 27.
b3 Ke7 28. Rd5 a5 29. a4 g6 30. Be3 Ke6 31. Rd1 Rd8 32. Rxd8 Nxd8 33. Kf3 Nc6
34. Ke4 Ne7 35. Bf2 Nc6 36. Be3 Ne7 37. Bf2 Nc6 38. f5+ gxf5+ 39. gxf5+ Kd7 40.
Be3 Ke7 41. Bf4 Nd4 42. Be3 Nc6 43. Bf2 Kd7 44. Kf4 Ke7 45. Bh4+ Kd7 46. Bg3
Nd4 47. Kg5 Ke7 48. Bh4 Nxb3 49. Kh6+ Ke8 50. Kg7 Nd4 51. Kf6 Nf3 52. Bg3 Nd2
53. Kg7 c6 54. f6 Ne4 55. Bf4 Nxf6 56. exf6 b5 57. cxb5 cxb5 58. axb5 1-0

[Event "BPB Limburg open A"]
[Site "Maastricht"]
[Date "2014.06.09"]
[Round "6"]
[White "Bezemer, Arno"]
[Black "Van Liempt, Michael"]
[Result "1/2-1/2"]
[WhiteElo "2324"]
[BlackElo "2008"]
[PlyCount "123"]
[EventDate "2014.06.06"]
[EventType "swiss"]
[EventRounds "7"]
[EventCountry "NED"]
[Source "P.Boonen"]
[SourceDate "2014.10.10"]

1. d4 Nf6 2. c4 g6 3. f3 Bg7 4. e4 d6 5. Nc3 O-O 6. Be3 e5 7. Nge2 h6 8. Qd2
Kh7 9. d5 a5 10. O-O-O Na6 11. g4 Nd7 12. Ng3 Ndc5 13. h4 Nb4 14. Kb1 Bd7 15.
Be2 Rh8 16. Nb5 b6 17. Rh2 Nba6 18. h5 g5 19. Rc1 Qb8 20. Nh1 Bf6 21. Nf2 Be7
22. Nc3 Re8 23. Kc2 Nb4+ 24. Kd1 Nxa2 25. Nxa2 Nb3 26. Qc3 Nxc1 27. Qxc1 Qb7
28. Nc3 f6 29. Bd3 Reb8 30. Ke1 Qc8 31. Kf1 Rb7 32. Kg2 Qe8 33. Rh1 Kg7 34. Qd2
Qc8 35. Ra1 Rba7 36. Bc2 Bd8 37. Kg3 Be7 38. Qd1 Qe8 39. Nd3 Bd8 40. Ba4 Bxa4
41. Rxa4 Qd7 42. Nb5 Ra6 43. Qa1 Qc8 44. b3 Be7 45. Qb2 Kf7 46. Bc1 Kf8 47. Qc3
Kf7 48. Ra3 Kf8 49. b4 axb4 50. Nxb4 Rxa3 51. Bxa3 Qb7 52. Nc6 Kf7 53. Qb3 Kf8
54. Nb4 Ra5 55. Nc2 Ke8 56. Ne3 Kd7 57. Bb4 Ra8 58. Bd2 Qa6 59. Nc3 Ra7 60. Kf2
Ra8 61. Ke2 Ra7 62. Qb5+ 1/2-1/2

[Event "BPB Limburg open A"]
[Site "Maastricht"]
[Date "2014.06.09"]
[Round "6"]
[White "Blom, Vincent"]
[Black "Veltman, Anne"]
[Result "1-0"]
[WhiteElo "2213"]
[BlackElo "2017"]
[PlyCount "79"]
[EventDate "2014.06.06"]
[EventType "swiss"]
[EventRounds "7"]
[EventCountry "NED"]
[Source "P.Boonen"]
[SourceDate "2014.10.10"]

1. d4 e6 2. Nf3 c5 3. c4 cxd4 4. Nxd4 Bc5 5. Nc3 Qb6 6. Na4 Bb4+ 7. Bd2 Qa5 8.
Nc3 Nc6 9. e3 a6 10. a3 Be7 11. Nd5 Qd8 12. Nxe7 Ngxe7 13. Nxc6 Nxc6 14. Bc3
O-O 15. Qg4 e5 16. Qd1 d6 17. Be2 Be6 18. O-O f5 19. Qd2 Qc7 20. b3 Rad8 21.
Qb2 Rf6 22. Bf3 g5 23. Bxc6 Qxc6 24. f4 Qe4 25. Rae1 Rg6 26. fxe5 dxe5 27. Bxe5
Rd3 28. Bd4 f4 29. exf4 Qxd4+ 30. Qxd4 Rxd4 31. f5 Bxc4 32. fxg6 Bxf1 33. gxh7+
Kxh7 34. Re7+ Kg8 35. Kxf1 Rd1+ 36. Ke2 Ra1 37. a4 b5 38. axb5 Ra2+ 39. Kf3 Ra3
40. bxa6 1-0

[Event "BPB Limburg open A"]
[Site "Maastricht"]
[Date "2014.06.09"]
[Round "6"]
[White "Braun, Christian"]
[Black "Snuverink, Laurens"]
[Result "1-0"]
[WhiteElo "2358"]
[BlackElo "2009"]
[PlyCount "91"]
[EventDate "2014.06.06"]
[EventType "swiss"]
[EventRounds "7"]
[EventCountry "NED"]
[Source "P.Boonen"]
[SourceDate "2014.10.10"]

1. e4 c5 2. Nf3 Nc6 3. g3 g6 4. Bg2 Bg7 5. O-O d6 6. Re1 e5 7. d3 Nge7 8. c3
O-O 9. a3 a5 10. a4 f5 11. Qb3+ Kh8 12. Ng5 Qe8 13. Nd2 Rf6 14. exf5 gxf5 15.
Nc4 Qg8 16. Ra3 h6 17. Nb6 Rb8 18. Nxc8 Qxc8 19. Nf3 f4 20. Nh4 Ng6 21. Nxg6+
Rxg6 22. Qf7 Rf6 23. Qh5 Qd7 24. Bh3 Qc7 25. Bd2 Rbf8 26. Raa1 Ne7 27. Rf1 Qc6
28. Bg2 Qd7 29. Bh3 Qc6 30. Qe2 f3 31. Qe4 Qc7 32. Rfe1 Ng6 33. Rac1 b6 34. d4
exd4 35. cxd4 R8f7 36. Bc3 d5 37. Qxd5 Rd6 38. Qh5 cxd4 39. Bxd4 Qa7 40. Qxh6+
Kg8 41. Bxg7 Rxg7 42. Be6+ Rxe6 43. Rxe6 Kf7 44. Rxg6 Rxg6 45. Qf4+ Kg8 46.
Rc8+ 1-0

[Event "BPB Limburg open A"]
[Site "Maastricht"]
[Date "2014.06.09"]
[Round "6"]
[White "Broekmeulen, Jasper"]
[Black "Von Meijenfeldt, Bart"]
[Result "1/2-1/2"]
[WhiteElo "2432"]
[BlackElo "2322"]
[PlyCount "35"]
[EventDate "2014.06.06"]
[EventType "swiss"]
[EventRounds "7"]
[EventCountry "NED"]
[Source "P.Boonen"]
[SourceDate "2014.10.10"]

1. e4 c5 2. Nf3 d6 3. d4 cxd4 4. Nxd4 Nf6 5. Nc3 a6 6. h3 g6 7. g4 h5 8. g5
Nfd7 9. Be3 Bg7 10. Bg2 Nc6 11. O-O O-O 12. Qd2 Nde5 13. Qe2 Nxd4 14. Bxd4 Nf3+
15. Qxf3 Bxd4 16. Rad1 Bg7 17. Qe3 Be6 18. Nd5 1/2-1/2

[Event "BPB Limburg open A"]
[Site "Maastricht"]
[Date "2014.06.09"]
[Round "6"]
[White "Bus, Tom"]
[Black "Roos, Adrian"]
[Result "0-1"]
[WhiteElo "2129"]
[BlackElo "2201"]
[PlyCount "60"]
[EventDate "2014.06.06"]
[EventType "swiss"]
[EventRounds "7"]
[EventCountry "NED"]
[Source "P.Boonen"]
[SourceDate "2014.10.10"]

1. e4 c5 2. Nf3 d6 3. d4 cxd4 4. Nxd4 Nf6 5. Nc3 a6 6. h3 e5 7. Nde2 h5 8. g3
Be6 9. Bg2 Nbd7 10. a4 Rc8 11. a5 Rc5 12. b4 Rc4 13. Rb1 Qc7 14. Qd3 g6 15. Bg5
d5 16. exd5 Bf5 17. d6 Bxd6 18. Qe3 O-O 19. O-O Rxb4 20. Rxb4 Bxb4 21. Rb1 Qxa5
22. Bxb7 Bxh3 23. Ne4 Nxe4 24. Qxe4 Bc5 25. Bc6 Bf5 26. Qh4 Qa2 27. Rd1 Qxc2
28. Rd2 Bxf2+ 29. Kxf2 Qxc6 30. Be7 Re8 0-1

[Event "BPB Limburg open A"]
[Site "Maastricht"]
[Date "2014.06.09"]
[Round "6"]
[White "Cioara, Andrei Nestor"]
[Black "Van der Heijden, Alan"]
[Result "1/2-1/2"]
[WhiteElo "2438"]
[BlackElo "2269"]
[PlyCount "54"]
[EventDate "2014.06.06"]
[EventType "swiss"]
[EventRounds "7"]
[EventCountry "NED"]
[Source "P.Boonen"]
[SourceDate "2014.10.10"]

1. d4 g6 2. Nf3 Bg7 3. g3 d6 4. Bg2 Nf6 5. O-O O-O 6. c4 Nbd7 7. Nc3 c5 8. d5
a6 9. a4 Rb8 10. e4 Ne8 11. Bf4 Nc7 12. Qd3 f6 13. h4 Ne5 14. Bxe5 fxe5 15. h5
Bf6 16. hxg6 hxg6 17. Rfb1 a5 18. Nh2 Kg7 19. Bf3 Rh8 20. Qe2 Rh7 21. Ng4 Qh8
22. Bg2 Bd7 23. Nb5 Nxb5 24. axb5 Ra8 25. f3 Bxg4 26. fxg4 Rh2 27. Qe3 Qh6
1/2-1/2

[Event "BPB Limburg open A"]
[Site "Maastricht"]
[Date "2014.06.09"]
[Round "6"]
[White "Clemens, Adrian HP"]
[Black "Offringa, Joost"]
[Result "1/2-1/2"]
[WhiteElo "2188"]
[BlackElo "2253"]
[PlyCount "80"]
[EventDate "2014.06.06"]
[EventType "swiss"]
[EventRounds "7"]
[EventCountry "NED"]
[Source "P.Boonen"]
[SourceDate "2014.10.10"]

1. d4 f5 2. g3 Nf6 3. Bg2 g6 4. Nf3 Bg7 5. O-O O-O 6. b3 d6 7. Bb2 c6 8. Nbd2
a5 9. a3 Qc7 10. c4 Bd7 11. Qc2 Na6 12. Rfe1 Rae8 13. c5 dxc5 14. dxc5 e5 15.
e4 Kh8 16. Rac1 fxe4 17. Ng5 Bf5 18. Ngxe4 Rd8 19. Qc4 Nxe4 20. Nxe4 Bxe4 21.
Rxe4 Rd5 22. b4 axb4 23. axb4 Rd2 24. Bc3 Rdxf2 25. Rce1 Rc2 26. Qd3 Rff2 27.
Bf1 Qc8 28. Rxe5 Rxc3 29. Re8+ Rf8 30. Rxc8 Rxd3 31. Rxf8+ Bxf8 32. Bxd3 Nxb4
33. Re8 Nxd3 34. Rxf8+ Kg7 35. Rc8 Nxc5 36. Rc7+ Kh6 37. Kf2 g5 38. g4 Kg6 39.
Ke3 h5 40. h3 hxg4 1/2-1/2

[Event "BPB Limburg open A"]
[Site "Maastricht"]
[Date "2014.06.09"]
[Round "6"]
[White "Coenen, Eduard"]
[Black "Jablonowski, Christoph"]
[Result "1-0"]
[WhiteElo "2093"]
[BlackElo "2010"]
[PlyCount "42"]
[EventDate "2014.06.06"]
[EventType "swiss"]
[EventRounds "7"]
[EventCountry "NED"]
[Source "P.Boonen"]
[SourceDate "2014.10.10"]

1. d4 f5 2. Nc3 d5 3. Bf4 Nf6 4. Nf3 e6 5. Ne5 c6 6. e3 Qb6 7. a3 Be7 8. Bd3
O-O 9. g4 Ne4 10. gxf5 exf5 11. Rg1 Be6 12. Bxe4 dxe4 13. Qh5 Na6 14. Rxg7+
Kxg7 15. Qh6+ Kh8 16. Qxe6 Qxb2 17. Nd1 Qxa1 18. Qxe7 Rg8 19. Nf7+ Kg7 20. Ng5+
Kg6 21. Qf7+ Kh6 1-0

[Event "BPB Limburg open A"]
[Site "Maastricht"]
[Date "2014.06.09"]
[Round "6"]
[White "Coenen, Michael"]
[Black "Bekker, Stefan"]
[Result "0-1"]
[WhiteElo "2318"]
[BlackElo "2223"]
[PlyCount "54"]
[EventDate "2014.06.06"]
[EventType "swiss"]
[EventRounds "7"]
[EventCountry "NED"]
[Source "P.Boonen"]
[SourceDate "2014.10.10"]

1. d4 d5 2. Nf3 Nf6 3. Bg5 c5 4. Bxf6 exf6 5. e3 Qb6 6. b3 Bg4 7. Be2 Nc6 8.
O-O Bxf3 9. Bxf3 cxd4 10. exd4 Qxd4 11. Qe1+ Ne5 12. c3 Qf4 13. Bxd5 O-O-O 14.
Qd1 Bc5 15. g3 Qf5 16. c4 Ng4 17. Qd2 Qh5 18. h4 Qe5 19. Kg2 Bxf2 20. Rxf2 Qxa1
21. Rf4 h5 22. Nc3 Rhe8 23. Ne4 Qe5 24. Kh3 f5 25. Qb4 Rxd5 26. cxd5 Qxd5 27.
Rxf5 Qxe4 0-1

[Event "BPB Limburg open A"]
[Site "Maastricht"]
[Date "2014.06.09"]
[Round "6"]
[White "Commercon, Simon"]
[Black "Nguyen, Kevin"]
[Result "1-0"]
[WhiteElo "2219"]
[BlackElo "1929"]
[PlyCount "97"]
[EventDate "2014.06.06"]
[EventType "swiss"]
[EventRounds "7"]
[EventCountry "NED"]
[Source "P.Boonen"]
[SourceDate "2014.10.10"]

1. d4 Nf6 2. Bg5 d5 3. c4 e6 4. Nc3 Be7 5. cxd5 exd5 6. Qc2 h6 7. Bh4 Nc6 8. e3
Be6 9. Bb5 O-O 10. Bxc6 bxc6 11. Nf3 Nd7 12. Bxe7 Qxe7 13. O-O c5 14. Rfd1 Rfd8
15. Rac1 cxd4 16. Nxd4 Ne5 17. Ncb5 c5 18. Qxc5 Qh4 19. Qc7 Qf6 20. Nxe6 fxe6
21. Nd4 Rd7 22. Qc3 Rf8 23. f4 Nc4 24. b3 Nd6 25. Nf3 Ne4 26. Qxf6 gxf6 27. Rc6
Kf7 28. Rdc1 Re8 29. g3 Ke7 30. Nd4 Nd6 31. Rc7 Red8 32. R1c2 Ne8 33. Rc8 Rxc8
34. Rxc8 a6 35. Ra8 Rd6 36. Ra7+ Kd8 37. Rh7 e5 38. Nf5 Rc6 39. Nxh6 Rc1+ 40.
Kg2 Rc2+ 41. Kf3 exf4 42. exf4 Rxa2 43. Nf5 a5 44. Nd4 Nd6 45. Ne6+ Kc8 46.
Rc7+ Kb8 47. Rd7 Nb7 48. h4 Rd2 49. Kg4 1-0

[Event "BPB Limburg open A"]
[Site "Maastricht"]
[Date "2014.06.09"]
[Round "6"]
[White "Dambacher, Martijn"]
[Black "Driessens, Patrick"]
[Result "1-0"]
[WhiteElo "2491"]
[BlackElo "2306"]
[PlyCount "79"]
[EventDate "2014.06.06"]
[EventType "swiss"]
[EventRounds "7"]
[EventCountry "NED"]
[Source "P.Boonen"]
[SourceDate "2014.10.10"]

1. d4 d5 2. c4 c6 3. Nf3 Nf6 4. e3 Bf5 5. Nc3 a6 6. Be2 e6 7. Nh4 Be4 8. f3 Bg6
9. Qb3 b5 10. c5 Nbd7 11. a4 Qb8 12. Na2 Be7 13. Nb4 Qb7 14. axb5 axb5 15.
Rxa8+ Qxa8 16. Nxg6 hxg6 17. O-O Bd8 18. e4 Bc7 19. e5 Ng8 20. Be3 Ne7 21. Nc2
f6 22. f4 Kf7 23. Bf2 Qa6 24. h4 Nf5 25. g3 Ra8 26. Ra1 Qb7 27. Ra3 Nb8 28. Nb4
Ra5 29. g4 Ne7 30. h5 gxh5 31. Qh3 Rxa3 32. Qxh5+ Kf8 33. bxa3 Qc8 34. exf6
gxf6 35. Qh6+ Kf7 36. g5 Qg8 37. Qxf6+ Ke8 38. Bh5+ Kd8 39. g6 Nd7 40. Nxc6+
1-0

[Event "BPB Limburg open A"]
[Site "Maastricht"]
[Date "2014.06.09"]
[Round "6"]
[White "De Wit, Albert"]
[Black "Huesmann, Thomas"]
[Result "0-1"]
[WhiteElo "1999"]
[BlackElo "2191"]
[PlyCount "76"]
[EventDate "2014.06.06"]
[EventType "swiss"]
[EventRounds "7"]
[EventCountry "NED"]
[Source "P.Boonen"]
[SourceDate "2014.10.10"]

1. e4 e5 2. Nc3 Nf6 3. f4 d5 4. fxe5 Nxe4 5. Nf3 Bg4 6. d3 Nxc3 7. bxc3 Be7 8.
d4 Bh4+ 9. g3 Be7 10. h3 Bf5 11. Bd3 Be6 12. Be3 Nc6 13. Qd2 h6 14. Kf2 Na5 15.
Kg2 Qd7 16. Rab1 b6 17. Qe2 Nc4 18. Nd2 b5 19. Qf3 c6 20. g4 Rc8 21. Nf1 g6 22.
Ng3 Qd8 23. Rbf1 Kd7 24. Nf5 Bg5 25. Bxg5 Qxg5 26. h4 Qd8 27. Ng7 Qe7 28. Nxe6
fxe6 29. Bxg6 Nd2 30. Qg3 Nxf1 31. Rxf1 Rcf8 32. Ra1 Rhg8 33. h5 Qg5 34. a4
Qd2+ 35. Kg1 b4 36. Rb1 Rf4 37. Rxb4 Qd1+ 38. Kh2 Qe2+ 0-1

[Event "BPB Limburg open A"]
[Site "Maastricht"]
[Date "2014.06.09"]
[Round "6"]
[White "Degro, Heiko"]
[Black "Helmer, Christoph"]
[Result "1/2-1/2"]
[WhiteElo "2042"]
[BlackElo "2069"]
[PlyCount "42"]
[EventDate "2014.06.06"]
[EventType "swiss"]
[EventRounds "7"]
[EventCountry "NED"]
[Source "P.Boonen"]
[SourceDate "2014.10.10"]

1. e4 e5 2. Nf3 Nf6 3. Nc3 Nc6 4. Bb5 Nd4 5. Nxd4 exd4 6. e5 dxc3 7. exf6 Qxf6
8. dxc3 Qe5+ 9. Qe2 Bd6 10. Qxe5+ Bxe5 11. Be3 O-O 12. O-O-O c6 13. Be2 d5 14.
Bd4 Bxd4 15. cxd4 Bf5 16. Kd2 Rfe8 17. Rhe1 Kf8 18. Bd3 Bxd3 19. Kxd3 Re7 20.
Rxe7 Kxe7 21. Re1+ Kd6 1/2-1/2

[Event "BPB Limburg open A"]
[Site "Maastricht"]
[Date "2014.06.09"]
[Round "6"]
[White "Den Hartog, Marijn"]
[Black "Sanijs, Frans"]
[Result "1-0"]
[WhiteElo "2036"]
[BlackElo "2045"]
[PlyCount "81"]
[EventDate "2014.06.06"]
[EventType "swiss"]
[EventRounds "7"]
[EventCountry "NED"]
[Source "P.Boonen"]
[SourceDate "2014.10.10"]

1. e4 e5 2. Nf3 Nc6 3. Bb5 a6 4. Ba4 Nf6 5. O-O Be7 6. d3 b5 7. Bb3 O-O 8. Re1
d6 9. c3 h6 10. Nbd2 Re8 11. Nf1 Bf8 12. Ne3 g6 13. a3 Bg7 14. h3 Be6 15. Bc2
d5 16. exd5 Nxd5 17. Ng4 Bxg4 18. hxg4 Qd7 19. Nd2 Rad8 20. Ne4 Qe7 21. Qf3 Nb8
22. Bb3 Nf6 23. a4 c6 24. axb5 Nxe4 25. Qxe4 axb5 26. Qxg6 Rd6 27. Qe4 Nd7 28.
Ra7 Qh4 29. Be3 Re7 30. g3 Qf6 31. Bc2 Bf8 32. Kg2 Qg7 33. g5 hxg5 34. Qf5 e4
35. dxe4 Re5 36. Qf3 c5 37. Rh1 g4 38. Qe2 Nf6 39. Bf4 Rxe4 40. Bxe4 Re6 41.
Bh6 1-0

[Event "BPB Limburg open A"]
[Site "Maastricht"]
[Date "2014.06.09"]
[Round "6"]
[White "Dijkhuis, Sven"]
[Black "Lecomte, Robin"]
[Result "0-1"]
[WhiteElo "1993"]
[BlackElo "2038"]
[PlyCount "52"]
[EventDate "2014.06.06"]
[EventType "swiss"]
[EventRounds "7"]
[EventCountry "NED"]
[Source "P.Boonen"]
[SourceDate "2014.10.10"]

1. e4 c5 2. Nf3 e6 3. d4 cxd4 4. Nxd4 Nc6 5. Nc3 Qc7 6. Be2 a6 7. Be3 Nf6 8.
O-O Bb4 9. Na4 Be7 10. c4 Nxe4 11. c5 O-O 12. Rc1 Rb8 13. Qc2 Nf6 14. Bf3 Ne5
15. g3 Nxf3+ 16. Nxf3 Nd5 17. Bd4 d6 18. Qd3 dxc5 19. Nxc5 Qa5 20. a3 b6 21.
Ne4 f6 22. Nc3 Nxc3 23. Bxc3 Qh5 24. Nd4 Qd5 25. Qe3 e5 26. Nc2 Bb7 0-1